Europa: Geografie mit R - Statistiken

Allgemein
  • Dieses Quiz wurde 273 mal gespielt
  • Das Durchschnittsergebnis liegt bei 12 aus 16
Antwortstatistiken
Hinweis Antwort % Korrekt
Flächenmäßig größtes Land Europas, obwohl sein größerer Teil gar nicht in Europa liegt Russland
100%
Er fließt durch den Bodensee, bildet einen Teil der Grenze zwischen Frankreich und Deutschland und mündet in den Niederlanden in die Nordsee Rhein
99%
Stadt, die als Zentrum eines antiken Reiches die Geschichte Europas so stark wie kaum eine andere geprägt hat Rom
98%
In diesem Land findet man die Regionen Transsilvanien und Walachei Rumänien
98%
In diesem Ballungsraum mit über 5 Mio. Einwohnern liegen die Städte Dortmund, Essen und Bochum {Ruhr}gebiet
97%
Größte Stadt in den Baltischen Staaten Riga
94%
Nördlichste Hauptstadt Europas und der Welt Reykjavik
93%
An der Mündung des oben gesuchten Flusses liegt diese Stadt mit dem größten Seehafen Europas Rotterdam
92%
Zentraler Platz in der Hauptstadt des oben gesuchten Landes {Roter} Platz
87%
Dieser Fluss durchfließt den Genfer See Rhône
74%
Älteste Brücke über den Canal Grande in Venedig {Rialto}brücke
60%
Vom 14. bis zum 16. Jahrhundert war diese Insel die Heimat des Johanniterordens, der später nach Malta umzog Rhodos
47%
Der höchste Berg dieses Gebirges, das auf Tschechisch "Krkonoše" heißt, ist die Schneekoppe {Riesen}gebirge
45%
In dieser Stadt in der Normandie, in der Jeanne d'Arc hingerichtet wurde, steht die höchste Kathedrale Frankreichs Rouen
39%
In Italien gibt es zwei Städte mit diesem Namen, die beide ca. 170.000 Einwohner haben: ______ nell'Emilia und ______ di Calabria Reggio
25%
Auf einer Landzunge gelegener Urlaubsort an der Westküste der kroatischen Halbinsel Istrien, der lange Zeit zur Republik Venedig gehörte und als eine von wenigen europäischen Städten mit dem Buchstaben "J" endet Rovinj
21%
Keine übereinstimmenden Quizze gefunden
Verteilung der Resultate
Anzahl Personen mit jedem Resultat
Perzentil nach korrekt beantworteten Fragen
Ihre Resultats-Entwicklung
Sie haben dieses Quiz noch nicht gespielt